| 000 | 01601cam a2200433 i 4500 | ||
|---|---|---|---|
| 001 | 122439 | ||
| 005 | 20230410115840.0 | ||
| 008 | 140120s2013 ag b 000 0 spa d | ||
| 035 | _a18669749 | ||
| 925 | 0 |
_aacquire _b1 shelf copy _xpolicy default |
|
| 942 |
_2lcc _cbk |
||
| 010 | _a 2014512068 | ||
| 020 | _a9789876293266 | ||
| 035 | _a(AR-BaFGC)0-104313/45 | ||
| 040 |
_aAR-BaFGC _beng _cAR-BaFGC _erda _dDLC |
||
| 042 | _alccopycat | ||
| 043 | _as-ag--- | ||
| 050 | 1 | 4 |
_aHN 270 _bC167p 2013 |
| 082 | 0 | 0 | _a356.15 |
| 100 | 1 | _aCalveiro, Pilar. | |
| 245 | 1 | 0 |
_aPolítica y/o violencia : _buna aproximación a la guerrilla de los años setenta / _cPilar Calveiro. |
| 250 | _a[Nueva edición ampliada] | ||
| 260 |
_aBuenos Aires, Argentina : _bSiglo Veintiuno Editores, _c[2013] |
||
| 300 |
_a158 p. ; _c21 cm |
||
| 490 | 0 | _aSociología y política | |
| 504 | _aIncludes bibliographical references. | ||
| 500 | _aPreviosly published: Buenos Aires, Norma, 2005. With a new afterword by the author. | ||
| 650 | 0 |
_aPolitical violence _zArgentina _xHistory _y20th century. |
|
| 651 | 0 |
_aArgentina _xPolitics and government _y1955-1983. |
|
| 650 | 0 |
_aGuerrillas in literature _zArgentina _xHistory _y20th century. |
|
| 650 | 4 |
_aGuerrillas _vEnsayos, conferencias, etc. |
|
| 650 | 4 |
_aDisciplina militar _vEnsayos, conferencias, etc. |
|
| 650 | 4 |
_aGrupos subversivos _vEnsayos, conferencias, etc. |
|
| 650 | 4 |
_aViolencia _vEnsayos, conferencias, etc. |
|
| 856 | 4 | 1 | _uhttp://core.cambeiro.com.ar/0-104313-45.pdf |
| 923 |
_d20150529 _n8026 _sAR-BaFGC |
||
| 985 | _eGC-FY15 | ||
| 946 | _aJaaM | ||
| 999 |
_c49156 _d49156 |
||